| 000 | 00659nam a2200217Ia 4500 | ||
|---|---|---|---|
| 003 | GCL | ||
| 008 | 140319s9999 xx 000 0 ara d | ||
| 040 |
_aGCL / _cGCL |
||
| 082 | 0 | 4 | _a641.371 أ ح |
| 100 | 1 | _aاهيرا هيرمان | |
| 245 | 1 | 0 |
_aالحليب وهم الحضارة الانسانية / _cاهيرا هيرمان |
| 250 | _aالاولى | ||
| 260 |
_aبيروت : _bدار الخيال ، _c2004 |
||
| 300 |
_a94 ص ؛ _c24 سم |
||
| 650 | 0 | 4 | _aاللبن |
| 650 | 0 | 4 | _aلبن الام |
| 650 | 0 | 4 | _aلبن البقر |
| 650 | 0 | 4 | _aاللبن - الانتاج الحيوانى |
| 650 | 0 | 4 | _aاللبن كغذاء |
| 942 |
_2ddc _cBK |
||
| 999 |
_c6191 _d6191 |
||